[Event "Bad Woerishofen op"]
[Site "?"]
[Date "2000.??.??"]
[Round "3"]
[White "Schoen, Siegfried"]
[Black "Hoeppner, Hans"]
[Result "1-0"]
[WhiteElo "1551"]
[BlackElo "1694"]
[Annotator "ChessOrg"]
[PlyCount "95"]
[EventDate "2000.??.??"]
[Source "ChessBase"]
[SourceDate "1998.04.29"]

1. e4 e6 2. d4 Ne7 3. f4 Ng6 4. Be3 c5 5. g3 cxd4 6. Bxd4 Nc6 7. Be3 Be7 8. Nf3
O-O 9. Nbd2 a6 10. a3 Re8 11. Kf2 d5 12. exd5 exd5 13. Nb3 Bg4 14. Nbd4 Bf6 15.
Qd2 Nxd4 16. Bxd4 Bxf3 17. Kxf3 Re4 18. Bxf6 Qxf6 19. Bd3 Rd4 20. Rae1 Rd8 21.
Qe3 Nf8 22. c3 Ra4 23. Qe7 Qb6 24. Bc2 Ra5 25. Re2 Rd7 26. Qe3 Rd8 27. Qe7 Rd7
28. Qe8 g6 29. Rhe1 d4 30. Re7 Rxe7 31. Rxe7 Qc6+ 32. Qxc6 bxc6 33. cxd4 Ne6
34. Ke3 Rb5 35. b3 Rd5 36. Be4 Rd6 37. b4 Nxd4 38. Ra7 f5 39. Bd3 Nb3 40. Bc4+
Kh8 41. Bxb3 a5 42. Rxa5 g5 43. fxg5 c5 44. Rxc5 Kg7 45. Rxf5 Rc6 46. Rf7+ Kh8
47. Rf8+ Kg7 48. Rg8# 1-0

[Event "Bad Woerishofen op"]
[Site "?"]
[Date "2000.??.??"]
[Round "5"]
[White "Schoen, Siegfried"]
[Black "Kahler, Kurt"]
[Result "1/2-1/2"]
[WhiteElo "1551"]
[BlackElo "1756"]
[Annotator "ChessOrg"]
[PlyCount "33"]
[EventDate "2000.??.??"]
[Source "ChessBase"]
[SourceDate "1998.04.29"]

1. e4 c5 2. c3 e6 3. d4 cxd4 4. cxd4 d5 5. exd5 Qxd5 6. Nc3 Qa5 7. Nf3 Nf6 8.
Bd3 Nc6 9. O-O Be7 10. Be3 O-O 11. a3 Rd8 12. b4 Qc7 13. Qc2 a6 14. Rfd1 h6 15.
Rac1 Nd5 16. Nxd5 exd5 17. Bf5 1/2-1/2

[Event "Bad Woerishofen op"]
[Site "?"]
[Date "2000.??.??"]
[Round "2"]
[White "Schratzenstaller, Andreas"]
[Black "Ziltener, Werner"]
[Result "0-1"]
[WhiteElo "1828"]
[BlackElo "1984"]
[Annotator "ChessOrg"]
[PlyCount "92"]
[EventDate "2000.??.??"]
[Source "ChessBase"]
[SourceDate "1998.04.29"]

1. c4 f5 2. Nc3 Nf6 3. g3 g6 4. Bg2 Bg7 5. d4 O-O 6. Nf3 d6 7. b3 e5 8. Bb2 e4
9. Ng5 Ng4 10. Nh3 Nc6 11. Nd5 Ne7 12. Nxe7+ Qxe7 13. e3 g5 14. O-O Bd7 15. Qd2
Rae8 16. Rae1 Bh6 17. d5 Ne5 18. Bxe5 dxe5 19. f4 exf3 20. Bxf3 g4 21. d6 Qxd6
22. Qxd6 cxd6 23. Bd5+ Kg7 24. Nf2 b6 25. Nd3 Bg5 26. Bg2 h5 27. h4 Bh6 28. Nb4
f4 29. exf4 exf4 30. gxf4 Rxf4 31. Rxe8 Rxf1+ 32. Kxf1 Bxe8 33. Nd5 Kf7 34. Be4
Bd7 35. Ke2 Bc6 36. Kd3 Kg7 37. Nc3 Bxe4+ 38. Nxe4 Bf4 39. Ke2 Kg6 40. Kf2 Kf5
41. Nc3 Be5 42. Nb5 a5 43. Nc7 Ke4 44. Nd5 b5 45. Ke2 bxc4 46. bxc4 Bd4 0-1

[Event "Bad Woerishofen op"]
[Site "?"]
[Date "2000.??.??"]
[Round "4"]
[White "Schratzenstaller, Andreas"]
[Black "Buchner, Matthias"]
[Result "1-0"]
[WhiteElo "1828"]
[BlackElo "1683"]
[Annotator "ChessOrg"]
[PlyCount "67"]
[EventDate "2000.??.??"]
[Source "ChessBase"]
[SourceDate "1998.04.29"]

1. c4 e5 2. Nc3 Nf6 3. Nf3 Nc6 4. g3 Be7 5. Bg2 d6 6. O-O O-O 7. d4 exd4 8.
Nxd4 Nxd4 9. Qxd4 c6 10. b3 Be6 11. e4 a6 12. Rd1 Rb8 13. Bf4 b5 14. cxb5 cxb5
15. Bxd6 Bxd6 16. Qxd6 Qa5 17. Nd5 Bxd5 18. exd5 Rbd8 19. Qf4 Rfe8 20. b4 Qa3
21. Rd2 a5 22. bxa5 Qxa5 23. Rad1 h6 24. d6 Qb6 25. Qb4 Re5 26. Rc1 Nd7 27. h4
Rde8 28. Rc7 Rd8 29. Bh3 Nc5 30. Qf4 f6 31. Qg4 Ne6 32. Re7 Rxd6 33. Qg6 Re1+
34. Kh2 1-0

[Event "Bad Woerishofen op"]
[Site "?"]
[Date "2000.??.??"]
[Round "6"]
[White "Schratzenstaller, Andreas"]
[Black "Kasueschke, Gregor"]
[Result "0-1"]
[WhiteElo "1828"]
[BlackElo "2030"]
[Annotator "ChessOrg"]
[PlyCount "58"]
[EventDate "2000.??.??"]
[Source "ChessBase"]
[SourceDate "1998.04.29"]

1. c4 Nf6 2. Nc3 c5 3. g3 d5 4. cxd5 Nxd5 5. Bg2 Nc7 6. Nf3 Nc6 7. O-O e5 8. d3
Be7 9. b3 O-O 10. Bb2 Be6 11. Rc1 f6 12. Nd2 Qd7 13. Nc4 Rad8 14. Kh1 b6 15.
Rc2 Bh3 16. Rd2 Bxg2+ 17. Kxg2 f5 18. a4 Bf6 19. Na2 Rfe8 20. f4 g6 21. fxe5
Nxe5 22. Nxe5 Bxe5 23. Bxe5 Rxe5 24. Nc3 Ne6 25. Rf2 Re3 26. Rf3 Qb7 27. Kf2
Re5 28. e4 Nd4 29. Rf4 g5 0-1

[Event "Bad Woerishofen op"]
[Site "?"]
[Date "2000.??.??"]
[Round "8"]
[White "Schratzenstaller, Andreas"]
[Black "Schumacher, Horst"]
[Result "1-0"]
[WhiteElo "1828"]
[BlackElo "1750"]
[Annotator "ChessOrg"]
[PlyCount "113"]
[EventDate "2000.??.??"]
[Source "ChessBase"]
[SourceDate "1998.04.29"]

1. c4 e5 2. Nc3 Bb4 3. Qb3 Bxc3 4. Qxc3 d6 5. g3 Bd7 6. Bg2 Bc6 7. e4 f5 8. d3
Nf6 9. f3 fxe4 10. dxe4 Nbd7 11. b4 a6 12. a4 b6 13. Nh3 h6 14. g4 Nh7 15. O-O
Qh4 16. Be3 Ng5 17. Bxg5 hxg5 18. Qd2 O-O-O 19. Qxg5 Qh7 20. b5 Bb7 21. a5 Nc5
22. Qf5+ Qxf5 23. exf5 Nb3 24. bxa6 Bxa6 25. axb6 Nxa1 26. Rxa1 Bxc4 27. bxc7
Kxc7 28. Ra7+ Kb6 29. Rxg7 d5 30. f6 d4 31. f4 Rxh3 32. Bxh3 d3 33. Bg2 d2 34.
Bf3 e4 35. Bd1 e3 36. Re7 e2 37. Rxe2 Bxe2 38. Bxe2 Rd4 39. f5 Kc5 40. f7 Rd8
41. g5 Kd6 42. Bd1 Ke7 43. g6 Kf6 44. Kf2 Kg7 45. Ke2 Rh8 46. Kxd2 Rxh2+ 47.
Ke3 Rh8 48. Bb3 Kf6 49. Be6 Rd8 50. Ke4 Rb8 51. Bd7 Rh8 52. Kd5 Rf8 53. Be8 Rh8
54. Kd6 Rf8 55. Kd7 Rh8 56. g7 Kxg7 57. Ke7 1-0

[Event "Bad Woerishofen op"]
[Site "?"]
[Date "2000.??.??"]
[Round "2"]
[White "Schuler, Georg"]
[Black "Finzer, Lothar"]
[Result "1-0"]
[WhiteElo "1919"]
[BlackElo "1800"]
[Annotator "ChessOrg"]
[PlyCount "57"]
[EventDate "2000.??.??"]
[Source "ChessBase"]
[SourceDate "1998.04.29"]

1. c4 c5 2. Nc3 b6 3. e4 d6 4. g3 Nc6 5. Bg2 Ne5 6. d4 cxd4 7. Qxd4 Bb7 8. Nge2
Rc8 9. b3 Nf6 10. O-O g6 11. Bb2 Bg7 12. Qd2 O-O 13. f4 Ned7 14. e5 Bxg2 15.
exf6 Bxf1 16. fxg7 Re8 17. Rxf1 Rc5 18. Ne4 Ra5 19. Bc3 Rh5 20. Rd1 Qa8 21. Nf2
Nc5 22. Qe3 Nd7 23. g4 Rc5 24. Ne4 Rcc8 25. Ng5 Nf6 26. Qh3 h5 27. gxh5 Nxh5
28. Ng3 f6 29. Qe6+ 1-0

[Event "Bad Woerishofen op"]
[Site "?"]
[Date "2000.??.??"]
[Round "4"]
[White "Schuler, Georg"]
[Black "Zoltek, Tadeusz"]
[Result "0-1"]
[WhiteElo "1919"]
[BlackElo "2289"]
[Annotator "ChessOrg"]
[PlyCount "90"]
[EventDate "2000.??.??"]
[Source "ChessBase"]
[SourceDate "1998.04.29"]

1. c4 e6 2. Nc3 d5 3. d4 Nf6 4. e3 Be7 5. Bd2 O-O 6. b3 b6 7. g3 Bb7 8. Bg2 Nc6
9. cxd5 Nb4 10. Nge2 Nd3+ 11. Kf1 exd5 12. Nf4 Nxf4 13. gxf4 c5 14. Ne2 Ba6 15.
Bc3 Rc8 16. Kg1 Bxe2 17. Qxe2 c4 18. b4 b5 19. h4 a5 20. a3 axb4 21. axb4 Ra8
22. Kh2 Qd7 23. Bh3 Qc6 24. Bf5 Rxa1 25. Rxa1 Ra8 26. Rg1 Ra3 27. Qd2 Qa6 28.
Bb1 Qe6 29. f3 Ne8 30. Rg3 Qh6 31. Rh3 Nf6 32. Bf5 Bd6 33. Kh1 g6 34. Bb1 Nh5
35. Qc1 Ra4 36. Qe1 Qf8 37. Bc2 Ra2 38. Qb1 Ra3 39. Bd2 Qa8 40. Kg2 Ra1 41. Qb2
Qa3 42. Qxa3 Rxa3 43. Rh1 c3 44. Bd3 cxd2 45. Bxb5 Rxe3 0-1

[Event "Bad Woerishofen op"]
[Site "?"]
[Date "2000.??.??"]
[Round "6"]
[White "Schuler, Georg"]
[Black "Diete, Guenter"]
[Result "0-1"]
[WhiteElo "1919"]
[BlackElo "1655"]
[Annotator "ChessOrg"]
[PlyCount "96"]
[EventDate "2000.??.??"]
[Source "ChessBase"]
[SourceDate "1998.04.29"]

1. c4 e5 2. Nc3 Nc6 3. g3 f5 4. Bg2 Nf6 5. e3 Be7 6. Nge2 O-O 7. O-O d6 8. d4
Qe8 9. Nd5 Bd8 10. Nec3 Ne7 11. b3 c6 12. Nb4 Ba5 13. a3 Be6 14. Bb2 Rd8 15. d5
Bf7 16. dxc6 bxc6 17. Qe2 e4 18. Nc2 Bb6 19. Na4 Nd7 20. Nxb6 axb6 21. Rad1 Nc5
22. Qd2 Nd3 23. Ba1 c5 24. f4 Bh5 25. Rb1 d5 26. Ne1 dxc4 27. Qc3 Rf7 28. bxc4
Be2 29. Rxb6 Bxf1 30. Kxf1 Nxe1 31. Kxe1 Qa4 32. Rb1 Nc6 33. Bf1 Rfd7 34. Be2
Qa5 35. Qxa5 Nxa5 36. Bc3 Rb7 37. Rb5 Rxb5 38. cxb5 Nb7 39. a4 Kf8 40. a5 g6
41. a6 Nd6 42. b6 Ke7 43. Be5 Kd7 44. Bxd6 Kxd6 45. Bb5 c4 46. a7 c3 47. Kd1
Kc5+ 48. Kc2 Kxb6 0-1

[Event "Bad Woerishofen op"]
[Site "?"]
[Date "2000.??.??"]
[Round "8"]
[White "Schuler, Georg"]
[Black "Harke, Horst"]
[Result "1-0"]
[WhiteElo "1919"]
[BlackElo "1726"]
[Annotator "ChessOrg"]
[PlyCount "73"]
[EventDate "2000.??.??"]
[Source "ChessBase"]
[SourceDate "1998.04.29"]

1. c4 Nf6 2. Nc3 e6 3. e4 d5 4. e5 Nfd7 5. Nf3 dxc4 6. Bxc4 Nb6 7. Bb3 Na6 8.
d4 c6 9. O-O Be7 10. Be3 Nd5 11. Qd2 Nxe3 12. Qxe3 O-O 13. Rad1 Nb4 14. Ne4 Nd5
15. Qd3 h6 16. Bc2 g6 17. a3 a5 18. h3 b6 19. Rfe1 Bb7 20. g3 Rc8 21. h4 h5 22.
Neg5 Bxg5 23. Nxg5 Qe7 24. Ne4 Rc7 25. Bb3 Rd8 26. Bxd5 cxd5 27. Nf6+ Kg7 28.
Qe3 Rc2 29. Qg5 Rh8 30. Nxh5+ Kf8 31. Nf6 Qc7 32. Rc1 Rxc1 33. Rxc1 Qd8 34. Rc3
b5 35. Qc1 Kg7 36. Rc7 Qa8 37. Qf4 1-0

[Event "Bad Woerishofen op"]
[Site "?"]
[Date "2000.??.??"]
[Round "1"]
[White "Schuller, Erhard"]
[Black "Scheerer, Helmut"]
[Result "0-1"]
[WhiteElo "1523"]
[BlackElo "1840"]
[Annotator "ChessOrg"]
[PlyCount "104"]
[EventDate "2000.??.??"]
[Source "ChessBase"]
[SourceDate "1998.04.29"]

1. e4 e5 2. Nf3 Nc6 3. Bb5 Nf6 4. O-O Nxe4 5. d4 Be7 6. dxe5 d5 7. h3 O-O 8.
Re1 Be6 9. Nbd2 Nxd2 10. Bxd2 Rb8 11. c3 a6 12. Bd3 d4 13. cxd4 Nxd4 14. Bc3
Nb5 15. Qc2 g6 16. a4 Nxc3 17. bxc3 c5 18. c4 Qc7 19. h4 Bg4 20. Ng5 Bxg5 21.
hxg5 Rfe8 22. f3 Bd7 23. f4 Bg4 24. Be4 b5 25. axb5 axb5 26. cxb5 Rxb5 27. Rab1
Reb8 28. Rxb5 Rxb5 29. Rb1 Rxb1+ 30. Qxb1 c4 31. Qc2 c3 32. Kf1 Be6 33. Ke1 Qa5
34. Ke2 Qb4 35. g3 Qd4 36. Bd3 Bg4+ 37. Kf1 Qe3 38. Kg2 Qd2+ 39. Qxd2 cxd2 40.
Bc2 d1=Q 41. Bxd1 Bxd1 42. Kf2 Kf8 43. Ke3 Ke7 44. Kd4 Ke6 45. Kc5 Kf5 46. Kd6
Bb3 47. Ke7 Be6 48. Kf8 Kg4 49. Kg7 Kxg3 50. f5 gxf5 51. Kxh7 Kf4 52. g6 fxg6
0-1

[Event "Bad Woerishofen op"]
[Site "?"]
[Date "2000.??.??"]
[Round "3"]
[White "Schuller, Erhard"]
[Black "von Hoesslin, Holger"]
[Result "1-0"]
[WhiteElo "1523"]
[BlackElo "1800"]
[Annotator "ChessOrg"]
[PlyCount "57"]
[EventDate "2000.??.??"]
[Source "ChessBase"]
[SourceDate "1998.04.29"]

1. e4 d6 2. d4 Nf6 3. Nc3 g6 4. h3 Bg7 5. Be3 c6 6. f4 Nbd7 7. Be2 Qc7 8. e5
Nd5 9. Nxd5 cxd5 10. Nf3 e6 11. O-O dxe5 12. fxe5 O-O 13. Qd2 a6 14. a4 Nb8 15.
b3 a5 16. Bh6 Qe7 17. Bxg7 Kxg7 18. Nh2 Nd7 19. Ng4 f5 20. exf6+ Nxf6 21. Qh6+
Kg8 22. Qg5 Kg7 23. Qe5 Bd7 24. Rf3 h5 25. Nxf6 Rxf6 26. g4 hxg4 27. hxg4 Kf7
28. Rxf6+ Qxf6 29. Rf1 1-0

[Event "Bad Woerishofen op"]
[Site "?"]
[Date "2000.??.??"]
[Round "5"]
[White "Schuller, Erhard"]
[Black "Hahner, Anton"]
[Result "1/2-1/2"]
[WhiteElo "1523"]
[BlackElo "1800"]
[Annotator "ChessOrg"]
[PlyCount "40"]
[EventDate "2000.??.??"]
[Source "ChessBase"]
[SourceDate "1998.04.29"]

1. e4 e6 2. d4 c5 3. Nf3 cxd4 4. Nxd4 Nc6 5. Nc3 Nf6 6. Bg5 Be7 7. Be2 h6 8.
Bf4 a6 9. Nxc6 dxc6 10. Qxd8+ Bxd8 11. f3 O-O 12. O-O-O b5 13. Be3 Bc7 14. g4
e5 15. a3 Be6 16. g5 hxg5 17. Bxg5 Nh7 18. Be3 Rfd8 19. Rhg1 Rxd1+ 20. Rxd1 Rd8
1/2-1/2

[Event "Bad Woerishofen op"]
[Site "?"]
[Date "2000.??.??"]
[Round "7"]
[White "Schuller, Erhard"]
[Black "Junker, Wilfried"]
[Result "0-1"]
[WhiteElo "1523"]
[BlackElo "1750"]
[Annotator "ChessOrg"]
[PlyCount "79"]
[EventDate "2000.??.??"]
[Source "ChessBase"]
[SourceDate "1998.04.29"]

1. e4 b6 2. c4 Bb7 3. d3 e6 4. Nf3 d5 5. exd5 exd5 6. cxd5 Qxd5 7. Be2 Bb4+ 8.
Bd2 Bxd2+ 9. Nbxd2 Nf6 10. Qb3 Qd8 11. O-O O-O 12. Rfe1 Nbd7 13. Bf1 Nc5 14.
Qc2 Nd5 15. a3 Qf6 16. Ne4 Nxe4 17. dxe4 Nf4 18. Rad1 c5 19. Nd2 Qg6 20. Re3
Rfe8 21. Rg3 Qh6 22. Bd3 Rad8 23. Re1 Qd6 24. e5 Rxe5 25. Rxe5 Qxe5 26. Bxh7+
Kh8 27. Re3 Qd5 28. Nf3 Qd1+ 29. Re1 Bxf3 30. Rxd1 Rxd1+ 31. Qxd1 Bxd1 32. Be4
Bb3 33. g3 Ne2+ 34. Kg2 Nd4 35. f4 f5 36. Bd3 a5 37. Kf2 g6 38. Ke3 Kg7 39. h3
Kf6 40. g4 0-1

[Event "Bad Woerishofen op"]
[Site "Bad Woerishofen"]
[Date "2000.??.??"]
[Round "9"]
[White "Schuller, Erhard"]
[Black "Malik, Heinz"]
[Result "0-1"]
[WhiteElo "1523"]
[BlackElo "1708"]
[Annotator "ChessOrg"]
[PlyCount "156"]
[EventDate "1998.03.05"]
[Source "ChessBase"]
[SourceDate "1998.04.29"]

1. e4 e5 2. Nf3 Nf6 3. Nxe5 d6 4. Nf3 Nxe4 5. d3 Nf6 6. h3 Be7 7. Be2 b6 8. Nc3
Bb7 9. Bg5 Nbd7 10. Qd2 h6 11. Bxf6 Nxf6 12. O-O O-O 13. Nd4 Qd7 14. Bf3 d5 15.
a3 c5 16. Nb3 Bd6 17. Rad1 Rae8 18. Rfe1 d4 19. Ne4 Nxe4 20. Bxe4 Bxe4 21. Rxe4
f5 22. Rxe8 Rxe8 23. Re1 Re6 24. Rxe6 Qxe6 25. Nc1 Qe5 26. g3 f4 27. Qe2 fxg3
28. Qxe5 gxf2+ 29. Kxf2 Bxe5 30. Ne2 g5 31. Kf3 Kf7 32. Ke4 Ke6 33. c3 dxc3 34.
bxc3 Bd6 35. a4 a6 36. d4 cxd4 37. Nxd4+ Kd7 38. Nf5 h5 39. c4 g4 40. hxg4 hxg4
41. Kd5 g3 42. Nh4 Kc7 43. Ng2 Bc5 44. Nh4 Bf2 45. Ng2 Kd7 46. Nh4 Ke7 47. Ke5
Kf7 48. Kf5 Kg7 49. Kg5 Be1 50. Ng2 Bf2 51. Nh4 Bc5 52. Ng2 Bd6 53. Ne3 Kf7 54.
Kf5 Ke7 55. Ke4 Ke6 56. Ng2 Bc5 57. Nf4+ Kd6 58. Kf3 Bf2 59. Nd3 Ke6 60. Nf4+
Kf6 61. Ne2 Kf5 62. Nf4 Kg5 63. Ng2 a5 64. Nf4 Kh4 65. Kg2 Kg4 66. Nd3 Bd4 67.
Nc1 Kf4 68. Ne2+ Ke3 69. Nxg3 Kd3 70. Kf3 Kxc4 71. Ke4 Bc5 72. Ne2 Kb4 73. Kd5
Kxa4 74. Kc4 Bf2 75. Nc3+ Ka3 76. Kb5 Kb3 77. Na4 Bc5 78. Nxc5+ bxc5 0-1

[Event "Bad Woerishofen op"]
[Site "?"]
[Date "2000.??.??"]
[Round "1"]
[White "Schumacher, Horst"]
[Black "Escher, Helmut"]
[Result "0-1"]
[WhiteElo "1750"]
[BlackElo "2050"]
[Annotator "ChessOrg"]
[PlyCount "84"]
[EventDate "2000.??.??"]
[Source "ChessBase"]
[SourceDate "1998.04.29"]

1. d4 Nf6 2. Nc3 d5 3. e4 Nxe4 4. Nxe4 dxe4 5. Bf4 c6 6. f3 exf3 7. Nxf3 e6 8.
Bd3 Bd6 9. Qd2 Bxf4 10. Qxf4 Nd7 11. O-O Nf6 12. Ne5 h5 13. c3 Bd7 14. Qg5 Kf8
15. Rf3 Be8 16. Raf1 Rh6 17. Rg3 Ng4 18. Ng6+ Kg8 19. Ne7+ Kf8 20. Ng6+ Kg8 21.
Ne7+ Kh8 22. h3 f6 23. hxg4 Qxe7 24. Qf4 g5 25. Qe3 hxg4 26. Rxg4 Bf7 27. Rf3
Kg7 28. Re4 Re8 29. Bc4 Qd6 30. Kf2 Rh1 31. Rg3 Kf8 32. Rh3 Rxh3 33. Qxh3 Kg7
34. Qg4 Re7 35. Qh3 a5 36. a4 c5 37. Qe3 cxd4 38. cxd4 Qb6 39. b3 Qd6 40. Qh3
f5 41. Re3 Qxd4 42. Bd3 f4 0-1

[Event "Bad Woerishofen op"]
[Site "?"]
[Date "2000.??.??"]
[Round "3"]
[White "Schumacher, Horst"]
[Black "Limberg, Siegfried"]
[Result "0-1"]
[WhiteElo "1750"]
[BlackElo "1980"]
[Annotator "ChessOrg"]
[PlyCount "66"]
[EventDate "2000.??.??"]
[Source "ChessBase"]
[SourceDate "1998.04.29"]

1. d4 Nf6 2. Nc3 d5 3. e4 dxe4 4. f3 exf3 5. Nxf3 Bg4 6. h3 Bh5 7. g4 Bg6 8.
Ne5 Nd5 9. Qf3 e6 10. h4 Nd7 11. Nxg6 hxg6 12. Ne4 c6 13. Bg5 Qa5+ 14. c3 N5f6
15. Nxf6+ gxf6 16. Bxf6 Nxf6 17. Qxf6 Rh7 18. Bd3 Be7 19. Qf2 O-O-O 20. a3 Rdh8
21. h5 Bg5 22. Rf1 Qd8 23. Kd1 f5 24. Kc2 gxh5 25. Bxf5 exf5 26. Qxf5+ Kb8 27.
Qe5+ Ka8 28. Rf5 Re8 29. Qh2 h4 30. Raf1 a6 31. R1f3 Rhe7 32. Kb3 Qb6+ 33. Ka2
Re2 0-1

[Event "Bad Woerishofen op"]
[Site "?"]
[Date "2000.??.??"]
[Round "5"]
[White "Schumacher, Horst"]
[Black "Homes, Helmut"]
[Result "0-1"]
[WhiteElo "1750"]
[BlackElo "1839"]
[Annotator "ChessOrg"]
[PlyCount "76"]
[EventDate "2000.??.??"]
[Source "ChessBase"]
[SourceDate "1998.04.29"]

1. d4 d5 2. e4 dxe4 3. Nc3 Nf6 4. f3 exf3 5. Nxf3 Bg4 6. h3 Bxf3 7. Qxf3 c6 8.
Qf2 e6 9. Bd3 Nbd7 10. Bg5 h6 11. Qh4 Be7 12. O-O Nd5 13. Qf2 N7f6 14. Bxf6
Bxf6 15. Ne4 Qb6 16. c3 O-O 17. Rad1 Be7 18. Bb1 f5 19. Nc5 Bxc5 20. dxc5 Qc7
21. Qc2 Ne3 22. Qb3 Nxf1 23. Qxe6+ Qf7 24. Qxf7+ Rxf7 25. Rxf1 g6 26. a4 Kg7
27. a5 Re7 28. b4 Rae8 29. Bd3 Re1 30. c4 Rxf1+ 31. Kxf1 Re5 32. Kf2 Kf6 33.
Kf3 g5 34. g3 h5 35. g4 hxg4+ 36. hxg4 f4 37. Be4 Ke7 38. Ke2 Rxe4+ 0-1

[Event "Bad Woerishofen op"]
[Site "?"]
[Date "2000.??.??"]
[Round "6"]
[White "Schumacher, Horst"]
[Black "Gestrich, Wolfgang"]
[Result "1/2-1/2"]
[WhiteElo "1750"]
[BlackElo "1543"]
[Annotator "ChessOrg"]
[PlyCount "83"]
[EventDate "2000.??.??"]
[Source "ChessBase"]
[SourceDate "1998.04.29"]

1. d4 Nf6 2. Nc3 c6 3. Bg5 Qc7 4. Nf3 d6 5. h3 h6 6. Bxf6 gxf6 7. e4 e5 8. Bd3
a6 9. d5 b5 10. a3 c5 11. b3 Nd7 12. Nd2 Nb6 13. Na2 c4 14. bxc4 bxc4 15. Be2
f5 16. f3 Be7 17. h4 f4 18. Kf1 Bd7 19. Nc3 a5 20. a4 f5 21. Qb1 fxe4 22. fxe4
Rg8 23. Qa2 Rg3 24. Nb5 Qc5 25. Nxc4 Bxb5 26. axb5 Nxc4 27. Qxc4 Rc8 28. Qxc5
Rxc5 29. c4 Bd8 30. h5 Kf7 31. Rc1 Kf6 32. Bf3 Kg5 33. Ke2 Bb6 34. Rh2 Ba7 35.
Kd3 Rc8 36. Rch1 Rg8 37. Rh3 Kf6 38. Rxg3 Rxg3 39. Kc3 Bb6 40. Kb3 Rg8 41. Ka4
Rc8 42. Rc1 1/2-1/2

[Event "Bad Woerishofen op"]
[Site "Bad Woerishofen"]
[Date "2000.??.??"]
[Round "9"]
[White "Schumacher, Horst"]
[Black "Jeske, Guenter"]
[Result "1-0"]
[WhiteElo "1750"]
[BlackElo "1614"]
[Annotator "ChessOrg"]
[PlyCount "39"]
[EventDate "1998.03.05"]
[Source "ChessBase"]
[SourceDate "1998.04.29"]

1. d4 d5 2. e4 dxe4 3. Nc3 e6 4. f3 Nf6 5. fxe4 Bb4 6. Bg5 Be7 7. Nf3 O-O 8.
Bd3 a6 9. O-O Nc6 10. e5 Nd5 11. Ne4 Bxg5 12. Nfxg5 g6 13. c3 f5 14. exf6 Nxf6
15. Qe2 Nxe4 16. Nxe4 b5 17. Nc5 Qd6 18. Rxf8+ Kxf8 19. Qf3+ Kg7 20. Rf1 1-0

[Event "Bad Woerishofen op"]
[Site "?"]
[Date "2000.??.??"]
[Round "1"]
[White "Schurig, Wilhelm"]
[Black "Schneider, Miloca"]
[Result "1-0"]
[WhiteElo "2150"]
[BlackElo "1780"]
[Annotator "ChessOrg"]
[PlyCount "93"]
[EventDate "2000.??.??"]
[Source "ChessBase"]
[SourceDate "1998.04.29"]

1. Nf3 d6 2. g3 f5 3. Bg2 e5 4. d3 Nf6 5. O-O Be7 6. c4 c6 7. c5 d5 8. Nxe5
Bxc5 9. Nd2 Nbd7 10. Ndf3 Nxe5 11. Nxe5 O-O 12. d4 Bd6 13. Bg5 Qe8 14. Bxf6
gxf6 15. Nd3 Kh8 16. e3 Rg8 17. Nf4 Bxf4 18. exf4 Be6 19. Re1 Qd7 20. Qc2 Bf7
21. Bh3 Bg6 22. Re3 Rae8 23. Rae1 Rxe3 24. Rxe3 Kg7 25. Qc5 Re8 26. Qxa7 Rxe3
27. fxe3 Qe7 28. Qa3 Qe4 29. Bf1 Bh5 30. Qd3 Qe6 31. Kf2 b5 32. Bg2 Qd7 33. Qa3
Qb7 34. Qb3 Qa7 35. a3 Bf7 36. Bf1 c5 37. dxc5 d4 38. Qxb5 dxe3+ 39. Kg1 Bd5
40. Bg2 Bxg2 41. Kxg2 Qe7 42. Kf1 Qe4 43. Ke2 Qg2+ 44. Kxe3 Qg1+ 45. Kd2 Qxh2+
46. Kc1 Qxg3 47. Qc4 1-0

[Event "Bad Woerishofen op"]
[Site "?"]
[Date "2000.??.??"]
[Round "3"]
[White "Schurig, Wilhelm"]
[Black "Elster, Welf"]
[Result "1/2-1/2"]
[WhiteElo "2150"]
[BlackElo "1765"]
[Annotator "ChessOrg"]
[PlyCount "140"]
[EventDate "2000.??.??"]
[Source "ChessBase"]
[SourceDate "1998.04.29"]

1. Nf3 Nf6 2. g3 c6 3. Bg2 d5 4. d3 Bg4 5. O-O Nbd7 6. Nbd2 e5 7. e4 Bd6 8. Qe1
O-O 9. h3 Be6 10. Ng5 Qc7 11. Nxe6 fxe6 12. Qe2 Rf7 13. h4 Raf8 14. Bh3 Re7 15.
a3 Kh8 16. b4 Ng8 17. c4 Qb8 18. c5 Bc7 19. Nf3 h6 20. Nh2 Qe8 21. Bd2 Ndf6 22.
a4 Qg6 23. Bg2 Ref7 24. Bf3 Rd7 25. h5 Qf7 26. b5 Rfd8 27. Rfd1 Qe7 28. Bb4
dxe4 29. dxe4 Rd4 30. Rxd4 exd4 31. Rd1 e5 32. bxc6 bxc6 33. Qa6 Bb6 34. cxb6
Qxb4 35. bxa7 Ra8 36. Rc1 Qe7 37. Qxc6 Rxa7 38. Be2 Qa3 39. Bb5 Nxe4 40. Re1
Nc3 41. Bc4 Rxa4 42. Bxg8 Kxg8 43. Qe6+ Kh8 44. Qe8+ Kh7 45. Qg6+ Kh8 46. Rxe5
Ra8 47. Ng4 Qf8 48. Rf5 Ra1+ 49. Kg2 Qa8+ 50. f3 Qa2+ 51. Nf2 Qg8 52. Rf7 Ra5
53. Re7 Rg5 54. Qc6 Qd5 55. Qc8+ Kh7 56. Re8 Rxh5 57. Rh8+ Kg6 58. Qe8+ Qf7 59.
Qc6+ Qf6 60. Qc4 Rd5 61. Nh3 Rf5 62. Nf4+ Rxf4 63. gxf4 Qxf4 64. Qd3+ Kh5 65.
Ra8 Qg5+ 66. Kf1 Qc1+ 67. Kg2 Qg5+ 68. Kf1 Qc1+ 69. Kf2 Nd1+ 70. Ke2 Nc3+
1/2-1/2

[Event "Bad Woerishofen op"]
[Site "?"]
[Date "2000.??.??"]
[Round "5"]
[White "Schurig, Wilhelm"]
[Black "Braeu, Emmi"]
[Result "1-0"]
[WhiteElo "2150"]
[BlackElo "1488"]
[Annotator "ChessOrg"]
[PlyCount "55"]
[EventDate "2000.??.??"]
[Source "ChessBase"]
[SourceDate "1998.04.29"]

1. Nf3 Nf6 2. g3 g6 3. Bg2 Bg7 4. d3 d5 5. Nbd2 O-O 6. O-O Nbd7 7. e4 dxe4 8.
dxe4 Nc5 9. e5 Ng4 10. Re1 f6 11. Qe2 Be6 12. b4 Bxa2 13. Rxa2 Nd7 14. Nd4
Ngxe5 15. Ne6 Qc8 16. Nxf8 Bxf8 17. Bh3 f5 18. Bb2 Nf7 19. Bg2 e5 20. Bd5 Bg7
21. Qc4 Qe8 22. Nf3 Nb6 23. Bxf7+ Qxf7 24. Qxf7+ Kxf7 25. Ng5+ Kg8 26. Ne6 Nd5
27. Nxg7 Kxg7 28. Rxe5 1-0

[Event "Bad Woerishofen op"]
[Site "?"]
[Date "2000.??.??"]
[Round "7"]
[White "Schurig, Wilhelm"]
[Black "Wild, Gerhard"]
[Result "0-1"]
[WhiteElo "2150"]
[BlackElo "1973"]
[Annotator "ChessOrg"]
[PlyCount "90"]
[EventDate "2000.??.??"]
[Source "ChessBase"]
[SourceDate "1998.04.29"]

1. Nf3 d5 2. g3 Nf6 3. Bg2 c5 4. O-O Nc6 5. d3 e6 6. Nbd2 Qc7 7. e4 dxe4 8.
dxe4 Be7 9. Nc4 O-O 10. Bf4 Qd7 11. Qe2 Rd8 12. Rfd1 Qe8 13. Rxd8 Bxd8 14. Bd6
b5 15. Ncd2 c4 16. e5 Nd5 17. Ne4 h6 18. c3 a5 19. Nfd2 Ra7 20. Bc5 Ra6 21. Nd6
Qd7 22. Nxc8 Qxc8 23. Bd6 a4 24. Ne4 Ra7 25. Nc5 a3 26. bxa3 Nxc3 27. Qd2 Ba5
28. Qe3 Nd5 29. Bxd5 exd5 30. Qf4 Bd8 31. Rd1 d4 32. Qe4 Kh8 33. e6 fxe6 34.
Nxe6 Bf6 35. Nf4 d3 36. Ng6+ Kg8 37. Qd5+ Rf7 38. Qxb5 Nd4 39. Qd5 Qg4 40. Qa8+
Kh7 41. Nf8+ Rxf8 42. Qxf8 Qxd1+ 43. Kg2 Qg4 44. Bb4 Ne2 45. f3 Qd4 0-1

[Event "Bad Woerishofen op"]
[Site "Bad Woerishofen"]
[Date "2000.??.??"]
[Round "9"]
[White "Schurig, Wilhelm"]
[Black "Gensbauer, Viktor"]
[Result "1/2-1/2"]
[WhiteElo "2150"]
[BlackElo "1792"]
[Annotator "ChessOrg"]
[PlyCount "54"]
[EventDate "1998.03.05"]
[Source "ChessBase"]
[SourceDate "1998.04.29"]

1. Nf3 c6 2. g3 Nf6 3. Bg2 d5 4. d3 e6 5. O-O Bd6 6. Nbd2 O-O 7. e4 dxe4 8.
dxe4 Bc5 9. e5 Nd5 10. c3 Nd7 11. Ne4 Be7 12. Qc2 h6 13. a3 Nc5 14. c4 Nxe4 15.
Qxe4 Nb6 16. Bf4 Qc7 17. Rfd1 Rd8 18. Bf1 Nd7 19. b4 Nf8 20. Bd3 b6 21. Qe3 g5
22. Bxg5 hxg5 23. Nxg5 Bb7 24. Qf4 f5 25. Nxe6 Nxe6 26. Qxf5 Nf8 27. Qg4+ Kh8
1/2-1/2